| 000 | 01020cam a2200301 i 4500 | ||
|---|---|---|---|
| 001 | 25317 | ||
| 003 | Mx-PuUPA | ||
| 005 | 20260210095834.0 | ||
| 008 | 140415s1977 mx gr 000 0 spa d | ||
| 040 |
_aMx-PuUPA _bspa _cMx-PuUPA _dMx-PuUPA _erda |
||
| 041 | 0 | _aspa | |
| 043 | _acl----- | ||
| 100 | 1 |
_aCanedo, Lino Gómez, _d1908-1990 _917821 _eautor |
|
| 245 | 1 | 0 |
_aEvangelización y conquista / _cLino Gómez Canedo |
| 264 | 1 |
_aMéxico, D.F. : _bBiblioteca Porrúa, _c©1977 |
|
| 300 |
_axxiii, 393 páginas ; _c25 cm |
||
| 336 |
_2rdacontent _atexto _btxt |
||
| 337 |
_2rdamedia _asin medio _bn |
||
| 338 |
_2rdacarrier _avolumen _bnc |
||
| 490 | 0 |
_aBiblioteca Porrúa ; _v65 |
|
| 500 | _a"Experiencia Franciscana en Hispanoamérica". -- Cubierta, portada. | ||
| 650 | 7 |
_2armarc _aFranciscanos _zAmérica Latina |
|
| 650 | 7 |
_2armarc _aFranciscanos _xMisiones |
|
| 650 | 7 |
_2armarc _aMisiones _zAmérica Latina |
|
| 942 |
_2ddc _cLI _h271.308 _iC22 |
||
| 999 |
_c25317 _d25317 |
||